000 00336nam a2200133Ia 4500
008 240624s9999 xx 000 0 und d
041 _aeng
082 _a352.3802854678 PAN
100 _aPANI NIRANJAN
245 _aE GOVERNANCE
260 _c2009
_aMumbai
_bHimalaya Books Pvt. Ltd.
300 _a287 : p. : cm. ; 23
365 _cRS
_b25
999 _c14841
_d14841